BTS - Toutes les chansons - Statistiques

Statistiques générales
  • Ce quiz a été pris 213 fois
    46 depuis la dernière actualisation
  • Le résultat moyen est 193 sur 317
Statistiques - réponses
Hint Réponse % Correct
O!RUL8,2? 2 N.O
100%
Proof 3 N.O
100%
Wake Up 11 N.O - Japanese Ver.
100%
Love Yourself: Tear 11 Outro : Tear
100%
BE 8 Dynamite
97%
Proof 16 Dynamite
97%
Singles 2020 Dynamite (Holiday Remix)
97%
2 Cool 4 Skool 4 No More Dream
97%
Proof 2 No More Dream
97%
Wake Up 9 No More Dream - Japanese Ver.
97%
Proof 18 Butter
94%
Singles 2021 Butter (feat. Megan Thee Stallion)
94%
Singles 2021 Butter (Holiday Remix)
94%
MAP OF THE SOUL: 7 11 ON
94%
Proof 15 ON
94%
MAP OF THE SOUL: 7 20 ON (feat. SIA)
94%
MAP OF THE SOUL: 7 - The Journey - 10 ON - Japanese Ver.
94%
The Most Beautiful Moment in Life Pt.2 2 Run
94%
The Most Beautiful Moment in Life: Young Forever 6 Run
94%
Proof 7 RUN
94%
The Most Beautiful Moment in Life: Young Forever 22 Run (Alternative Mix)
94%
The Most Beautiful Moment in Life: Young Forever 21 Run (Ballad Mix)
94%
Youth 2 Run - Japanese Ver.
94%
Love Yourself: Answer 6 Trivia 承 : Love
94%
ARIRANG 1 Body to Body
91%
MAP OF THE SOUL: PERSONA 2 Boy with Luv (feat. Halsey)
91%
MAP OF THE SOUL: 7 2 Boy with Luv (feat. Halsey)
91%
MAP OF THE SOUL: 7 - The Journey - 3 Boy with Luv - Japanese Ver.
91%
Love Yourself: Tear 2 FAKE LOVE
91%
Love Yourself: Answer 9 FAKE LOVE
91%
Proof 12 FAKE LOVE
91%
MAP OF THE SOUL: 7 - The Journey - 8 FAKE LOVE - Japanese Ver.
91%
Love Yourself: Answer 24 FAKE LOVE (Rocking Vibe Mix)
91%
ARIRANG 7 SWIM
91%
Love Yourself: Her 2 DNA
88%
Love Yourself: Answer 4 DNA
88%
Proof 11 DNA
88%
FACE YOURSELF 4 DNA - Japanese Ver.
88%
Love Yourself: Answer 23 DNA (Pedal 2 LA Mix)
88%
The Most Beautiful Moment in Life Pt.1 2 I Need U
88%
The Most Beautiful Moment in Life: Young Forever 2 I Need U
88%
Proof 6 I NEED U
88%
I Ned U 1 I Need U - Japanese Ver.
88%
Youth 12 I Need U - Japanese Ver.
88%
The Most Beautiful Moment in Life: Young Forever 20 I Need U (Remix)
88%
The Most Beautiful Moment in Life: Young Forever 19 I Need U (Urban Mix)
88%
2 Cool 4 Skool 6 Like
88%
Skull Luv Affair (Special Addition) 12 Like (Slow Jam Remix)
88%
2 Cool 4 Skool 2 We Are Bulletproof Pt.2
88%
MAP OF THE SOUL: 7 18 We Are Bulletproof : the Eternal
88%
Skull Luv Affair 2 Boy in Luv
84%
Proof 4 Boy in Luv
84%
Proof 14 Boy in Luv
84%
Wake Up 5 Boy in Luv - Japanese Ver.
84%
Dark & Wild 2 Danger
84%
Proof 5 Danger
84%
Wake Up 4 Danger - Japanese Ver.
84%
MAP OF THE SOUL: PERSONA 5 Home
84%
Love Yourself: Answer 15 Idol
84%
Proof 13 IDOL
84%
Love Yourself: Answer 26 Idol (feat. Nicki Minaj)
84%
MAP OF THE SOUL: 7 - The Journey - 6 IDOL - Japanese Ver.
84%
ARIRANG 10 Like Animals
84%
Singles 2021 Permission to Dance
84%
Dark & Wild 3 War of Hormone
84%
The Most Beautiful Moment in Life: Young Forever 10 Burning Up (Fire)
81%
Proof 8 Burning Up (FIRE)
81%
Youth 3 Fire - Japanese Ver.
81%
ARIRANG 2 Hooligan
81%
ARIRANG 14 Into the Sun
81%
ARIRANG 9 Normal
81%
You Never Walk Alone 17 Not Today
81%
FACE YOURSELF 5 Not Today - Japanese Ver.
81%
You Never Walk Alone 16 Spring
81%
ARIRANG 5 2.0
78%
Proof 1 Born Singer
78%
The Most Beautiful Moment in Life Pt.2 3 Butterfly
78%
The Most Beautiful Moment in Life: Young Forever 16 Butterfly
78%
The Most Beautiful Moment in Life: Young Forever 23 Butterfly (Alternative Mix)
78%
Youth 10 Butterfly - Japanese Ver.
78%
The Most Beautiful Moment in Life: Young Forever 5 Butterfly (Prologue Mix)
78%
Love Yourself: Answer 1 Euphoria
78%
Proof 33 Euphoria
78%
Love Yourself: Her 8 Go Go
78%
Love Yourself: Answer 20 고민보다 Go (Go Go)
78%
FACE YOURSELF 8 Go Go - Japanese Ver.
78%
MAP OF THE SOUL: PERSONA 1 Intro: Persona
78%
MAP OF THE SOUL: 7 1 Intro: Persona
78%
Proof 21 Intro: Persona
78%
MAP OF THE SOUL: PERSONA 4 Make It Right
78%
MAP OF THE SOUL: 7 3 Make It Right
78%
Singles 2019 Make It Right (feat. Lauv)
78%
MAP OF THE SOUL: 7 - The Journey - 4 Make It Right - Japanese Ver.
78%
Love Yourself: Tear 9 Anpanman
75%
Love Yourself: Answer 21 Anpanman
75%
Wings 2 Blood Sweat & Tears
75%
O!RUL8,2? 6 Coffee
75%
BE 6 Dis-ease
75%
Proof 9 Blood Sweat & Tears
75%
MAP OF THE SOUL: 7 8 Filter
75%
Proof 29 Filter
75%
MAP OF THE SOUL: 7 15 Friends
75%
Proof 30 Friends
75%
ARIRANG 4 Fya
75%
Love Yourself: Her 1 Intro: Serendipity
75%
FACE YOURSELF 3 血、汗、涙 - Japanese Ver. (Blood Sweat and Tears)
75%
Wings 4 Lie
75%
Love Yourself: Her 7 MIC Drop
75%
Love Yourself: Answer 22 MIC Drop
75%
Singles 2017 MIC Drop (feat. Desiigner) (Steve Aoki Remix)
75%
FACE YOURSELF 6 MIC Drop - Japanese Ver.
75%
Love Yourself: Answer 25 MIC Drop (Steve Aoki Remix - Full Length Edition)
75%
Proof 20 Run BTS
75%
Love Yourself: Answer 3 Serendipity (Full Length Edition)
75%
BE 7 Stay
75%
Proof 22 Stay
75%
ARIRANG 11 They Don't Know 'Bout Us
75%
Love Yourself: Tear 8 Airplane pt.2
72%
Love Yourself: Answer 19 Airplane pt.2
72%
MAP OF THE SOUL: 7 - The Journey - 7 Airplane pt.2 - Japanese Ver.
72%
MAP OF THE SOUL: PERSONA 7 Dionysus
72%
MAP OF THE SOUL: 7 5 Dionysus
72%
MAP OF THE SOUL: 7 - The Journey - 5 Dionysus - Japanese Ver.
72%
The Most Beautiful Moment in Life Pt.1 5 Dope
72%
The Most Beautiful Moment in Life: Young Forever 9 Dope
72%
I Need U 2 Dope - Chou Yabee! - Japanese Ver.
72%
Youth 4 Dope - Chou Yabee! - - Japanese Ver.
72%
BE 1 Life Goes On
72%
Proof 17 Life Goes On
72%
Love Yourself: Tear 7 Magic Shop
72%
Love Yourself: Answer 17 Magic Shop
72%
ARIRANG 8 Merry Go Round
72%
MAP OF THE SOUL: PERSONA 3 Mikrokosmos
72%
MAP OF THE SOUL: 7 9 My Time
72%
The Most Beautiful Moment in Life: Young Forever 11 Save Me
72%
Youth 6 Save Me - Japanese Ver.
72%
Proof 10 Spring Day
72%
FACE YOURSELF 10 Spring Day - Japanese Ver.
72%
MAP OF THE SOUL: 7 12 UGH!
72%
Love Yourself: Tear 4 134340
69%
ARIRANG 3 Aliens
69%
Wings 3 Begin
69%
MAP OF THE SOUL: 7 7 Black Swan
69%
MAP OF THE SOUL: 7 - The Journey - 9 Black Swan - Japanese Ver.
69%
FACE YOURSELF 7 Don't Leave Me
69%
Love Yourself: Answer 13 Epiphany
69%
For You 1 For You
69%
Youth 11 For You
69%
The Most Beautiful Moment in Life: Young Forever 17 House of Cards (Full Length Edition)
69%
Wings 15 Interlude: Wings
69%
MAP OF THE SOUL: PERSONA 6 Jamais Vu
69%
MAP OF THE SOUL: 7 4 Jamais Vu
69%
Proof 24 Jamais Vu
69%
Skull Luv Affair 5 Just One Day
69%
Wake Up 6 Just One Day - Japanese Ver.
69%
ARIRANG 6 No. 29
69%
The Most Beautiful Moment in Life Pt.2 9 Outro: House of Cards
69%
You Never Walk Alone 18 Outro: Wings
69%
ARIRANG 13 Please
69%
MAP OF THE SOUL: 7 - The Journey - 2 Stay Gold
69%
Love Yourself: Tear 3 The Truth Untold (feat. Steve Aoki)
69%
Proof 25 Trivia 轉 : Seesaw
69%
Proof 19 Yet to Come
69%
Singles 2022 Yet to Come (Hyundai Ver.)
69%
Wings 14 2! 3!
66%
BE 3 Blue & Grey
66%
The Most Beautiful Moment in Life: Young Forever 12 Epilogue: Young Forever
66%
Youth 13 Epilogue: Young Forever - Japanese Ver.
66%
Love Yourself: Answer 7 Her
66%
Proof 28 Her
66%
Youth 1 Introduction: Youth
66%
Skull Luv Affair 9 Jump
66%
Wake Up 3 Jump - Japanese Ver.
66%
Collaborations 2021 My Universe de Coldplay
66%
ARIRANG 12 One More Night
66%
Love Yourself: Her 9 Outro: Her
66%
Love Yourself: Answer 10 전하지 못한 진심 (The Truth Untold - featuring Steve Aoki)
66%
MAP OF THE SOUL: 7 13 00:00 (Zero O'Clock)
63%
Proof 32 00:00 (Zero O'Clock)
63%
O!RUL8,2? 8 Attack on Bangtan
63%
The Most Beautiful Moment in Life Pt.1 7 Converse High
63%
The Most Beautiful Moment in Life: Young Forever 13 Converse High
63%
MAP OF THE SOUL: 7 - The Journey - 11 Lights
63%
Singles 2019 Lights
63%
MAP OF THE SOUL: 7 10 Louder than bombs
63%
Wings 8 MAMA
63%
Love Yourself: Tear 5 낙원 (Paradise)
63%
The Most Beautiful Moment in Life Pt.2 6 Silver Spoon
63%
The Most Beautiful Moment in Life: Young Forever 8 Silver Spoon
63%
Love Yourself: Answer 11 Trivia 轉 : Seesaw
63%
Wings 9 Awake
59%
Love Yourself: Her 3 Best of Me
59%
Love Yourself: Answer 18 Best Of Me
59%
FACE YOURSELF 2 Best of Me - Japanese Ver.
59%
FACE YOURSELF 9 Crystal Snow
59%
Love Yourself: Her 4 dimple
59%
Proof 34 Dimple
59%
MAP OF THE SOUL: 7 6 Interlude: Shadow
59%
Love Yourself: Tear 1 Intro: Singularity
59%
Love Yourself: Answer 8 Singularity
59%
Proof 31 Singularity
59%
Love Yourself: Tear 10 So What
59%
Wings 5 Stigma
59%
Love Yourself: Answer 12 Tear
59%
BE 5 Telepathy
59%
Wings 13 21st Century Girl
56%
You Never Walk Alone 19 A Supplementary Story: You Never Walk Alone
56%
O!RUL8,2? 7 BTS Cypher Pt.1
56%
Singles 2021 Film Out
56%
Proof 35 For Youth
56%
Wake Up 1 Intro.
56%
MAP OF THE SOUL: 7 16 Moon
56%
Proof 23 Moon
56%
Wake Up 13 Outro.
56%
MAP OF THE SOUL: 7 19 Outro: Ego
56%
Proof 27 Outro: Ego
56%
Dark & Wild 6 Rain
56%
MAP OF THE SOUL: 7 - The Journey - 12 Your eyes tell
56%
Love Yourself: Answer 16 Answer : Love Myself
53%
The Most Beautiful Moment in Life Pt.2 8 Autumn Leaves
53%
The Most Beautiful Moment in Life: Young Forever 4 Autumn Leaves
53%
The Most Beautiful Moment in Life Pt.1 6 Boyz with Fun
53%
The Most Beautiful Moment in Life Pt.1 3 Hold Me Tight
53%
The Most Beautiful Moment in Life: Young Forever 3 Hold Me Tight
53%
MAP OF THE SOUL: 7 14 Inner Child
53%
Wings 1 Intro: Boy Meets Evil
53%
Love Yourself: Tear 6 Love Maze
53%
Skull Luv Affair 6 Tomorrow
53%
Wings 6 First Love
50%
Dark & Wild 5 Let Me Know
50%
For You 3 Let Me Know - Japanese Ver.
50%
MAP OF THE SOUL: 7 17 Respect
50%
BE 4 Skit
50%
Love Yourself: Answer 2 Trivia 起 : Just Dance
50%
The Most Beautiful Moment in Life Pt.2 4 Whalien 52
50%
The Most Beautiful Moment in Life: Young Forever 15 Whalien 52
50%
Love Yourself: Answer 14 I'm Fine
47%
2 Cool 4 Skool 5 Interlude
47%
FACE YOURSELF 11 Let Go
47%
Wings 10 Lost
47%
Dark & Wild 7 BTS Cypher Pt.3: Killer
44%
Proof 26 BTS Cypher Pt.3: Killer (beat. Supreme Boi)
44%
2 Cool 4 Skool 1 Intro: 2 Cool 4 Skool
44%
The Most Beautiful Moment in Life Pt.2 5 Ma City
44%
The Most Beautiful Moment in Life: Young Forever 7 Ma City
44%
Wake Up 12 Wake Up
44%
Wings 12 Am I Wrong
41%
The Most Beautiful Moment in Life Pt.1 1 Intro: The Most Beautiful Moment in Life
41%
The Most Beautiful Moment in Life: Young Forever 1 Intro: The Most Beautiful Moment in Life
41%
Collaborations 2020 Savage Love (Laxed - Siren Beat) de Jawsh 685 avec Jason Derulo
41%
Dark & Wild 11 24/7 = Heaven
38%
Singles 2019 All Night (feat. JUICE WRLD)
38%
Collaborations 2022 Bad Decisions de benny blanco avec Snoop Dogg
38%
Wings 11 BTS Cypher 4
38%
Singles 2019 Dream Glow (feat. Charli xcx)
38%
Dark & Wild 4 Hip Hop Phile
38%
The Most Beautiful Moment in Life Pt.1 8 Moving On
38%
The Most Beautiful Moment in Life: Young Forever 14 Moving On
38%
Wings 7 Reflection
38%
Singles 2023 Take Two
38%
Dark & Wild 10 Embarrassed
34%
O!RUL8,2? 1 Intro: O!RUL8,2?
34%
Skull Luv Affair 1 Intro: Skull Luv Affair
34%
Skull Luv Affair (Special Addition) 11 Miss Right
34%
Skull Luv Affair 8 Spine Breaker
34%
Collaborations 2018 Waste It On Me de Steve Aoki
34%
O!RUL8,2? 3 We On
34%
The Most Beautiful Moment in Life: Young Forever 18 Love Is Not Over (Full Length Edition)
31%
The Most Beautiful Moment in Life Pt.1 9 Outro: Love is Not Over
31%
O!RUL8,2? 9 Paldogangsan
31%
Singles 2019 A Brand New Day (feat. Zara Larsson)
28%
Singles 2017 Come Back Home
28%
Collaborations 2022 Dreamers (Music From FIFA World Cup Qatar 2022) de Jung Kook
28%
Skull Luv Affair 7 BTS Cypher Pt.2: Triptych
25%
Dark & Wild 9 Could You Turn off Your Cell Phone
25%
O!RUL8,2? 5 If I Ruled The World
25%
Singles 2023 The Planet
25%
The Most Beautiful Moment in Life Pt.2 1 Intro: Never Mind
22%
Dark & Wild 12 Look Here
22%
Collaborations 2022 Left and Right de Charlie Puth
19%
Skull Luv Affair 4 Where You From
19%
Collaborations 2023 Angel Pt.1 de Kodak Black avec NLE Choppa, JVKE & Muni Long
16%
Collaborations 2023 Angel Pt.2 de JVKE, Charlie Puth & Muni Long
16%
Love Yourself: Her 5 Diet Piper
16%
Dark & Wild 1 Intro: What Am I to You
16%
No More Dreams (Japanese Ver.) 3 line!
16%
Wake Up 7 line!
16%
Wake Up 8 line! Pt.2 - Ano Bashode -
16%
Youth 9 Wishing On a Star
16%
Youth 5 Good Day
13%
MAP OF THE SOUL: 7 - The Journey - 1 INTRO: Calling
13%
Dark & Wild 14 Outro: Do You Think It Makes Sense?
13%
Skull Luv Affair 10 Outro: Propose
13%
MAP OF THE SOUL: 7 - The Journey - 13 OUTRO: The Journey
13%
Love Yourself: Her 6 Skit: Billboard Music Awards Speech
13%
Dark & Wild 13 So 4 more
13%
Wake Up 2 The Stars
13%
BE 2 Fly To My Moon
9%
FACE YOURSELF 1 INTRO: Ringwanderung
9%
Collaborations 2019 Old Town Road (Seoul Town Road Remix) de Lil Nas X
9%
FACE YOURSELF 12 Outro: Crack
9%
O!RUL8,2? 10 Outro: Luv in Skull
9%
Dark & Wild 8 Interlude: What Are You Doing Now?
6%
The Most Beautiful Moment in Life Pt.1 4 Skit: Expectation!
6%
The Most Beautiful Moment in Life Pt.2 7 Skit: One Night in a Strange City
6%
Skull Luv Affair 3 Skit: Soulmate
6%
No More Dreams (Japanese Ver.) 1 No More Dreams - Japanese Ver.
3%
2 Cool 4 Skool 7 Outro: Circle Room Cypher
3%
2 Cool 4 Skool 3 Skit: Circle Room Talk
3%
O!RUL8,2? 4 Skit: R U Happy Now?
3%
Love Yourself: Answer 5 보조개 (Dimple)
0%
I Need U 3 Funtan Syounendan - Japanese Ver.
0%
Youth 7 Funtan Syounendan - Japanese Ver.
0%
For You 2 Hormone Sensou - Japanese Ver.
0%
Youth 8 Pelouse - Japanese Ver.
0%
No More Dreams (Japanese Ver.) 2 Shingeki no Boudan - Japanese Ver.
0%
Wake Up 10 Shingeki no Boudan - Japanese Ver.
0%
Aucun quiz correspondant
Distribution des résultats
% des personnes avec chaque résultat
Percentile par nombre de réponses
Votre historique - résultats
Vous n’avez pas pris ce quiz depuis la dernière actualisation